|
|
|
|
| LEADER |
00000nam0a2200000 4500 |
| 001 |
332347 |
| 005 |
20231102004440.0 |
| 035 |
|
|
|a (RuTPU)RU\TPU\book\358264
|
| 035 |
|
|
|a RU\TPU\book\296831
|
| 090 |
|
|
|a 332347
|
| 100 |
|
|
|a 20170519d1979 k y0rusy50 ca
|
| 101 |
0 |
|
|a rus
|
| 102 |
|
|
|a RU
|
| 105 |
|
|
|a a z 001zy
|
| 200 |
1 |
|
|a Проектирование и эксплуатация энергетических систем и электрических сетей
|f Научно-исследовательский и проектно-изыскательский институт по проектированию энергетических систем и электрических сетей (Энергосетьпроект) ; гл. ред. С. С. Рокотян
|
| 210 |
|
|
|a Москва
|c Энергия
|d 1979
|
| 215 |
|
|
|a 130 с.
|c ил.
|
| 225 |
1 |
|
|a Труды института Энергосетьпроект
|v Вып. 15
|
| 320 |
|
|
|a Библиогр. в конце ст.
|
| 606 |
1 |
|
|a Электрические сети энергосистем
|2 stltpush
|3 (RuTPU)RU\TPU\subj\27536
|9 51274
|
| 610 |
1 |
|
|a капиталовложения
|
| 610 |
1 |
|
|a электрификация
|
| 610 |
1 |
|
|a региональные проблемы
|
| 610 |
1 |
|
|a ТЭЦ
|
| 610 |
1 |
|
|a теплоэлектроцентрали
|
| 610 |
1 |
|
|a режимы работы
|
| 610 |
1 |
|
|a укрупненные показатели
|
| 610 |
1 |
|
|a расчет
|
| 610 |
1 |
|
|a электрические станции
|
| 610 |
1 |
|
|a энергоблоки
|
| 610 |
1 |
|
|a мощность
|
| 610 |
1 |
|
|a электрические сети
|
| 610 |
1 |
|
|a технико-экономические показатели
|
| 610 |
1 |
|
|a топливо
|
| 610 |
1 |
|
|a расход
|
| 610 |
1 |
|
|a сокращение
|
| 610 |
1 |
|
|a пусковые тепловые потери
|
| 610 |
1 |
|
|a частичная утилизация
|
| 675 |
|
|
|a 621.311.1
|v 4
|
| 702 |
|
1 |
|a Рокотян
|b С. С.
|4 651
|
| 712 |
0 |
2 |
|a Научно-исследовательский и проектно-изыскательский институт по проектированию энергетических систем и электрических сетей (Энергосетьпроект)
|c (1962-1992)
|c (Москва)
|2 stltpush
|3 (RuTPU)RU\TPU\col\1002
|
| 801 |
|
1 |
|a RU
|b 63413507
|c 20141028
|
| 801 |
|
2 |
|a RU
|b 63413507
|c 20170608
|g RCR
|
| 942 |
|
|
|c BK
|